American odyssey : (Record no. 13421)

000 -LEADER
fixed length control field 00716nam a2200169 a 4500
020 ## - INTERNATIONAL STANDARD BOOK NUMBER
ISBN 0028221583 (teacher's wraparound ed.)
020 ## - INTERNATIONAL STANDARD BOOK NUMBER
ISBN 0028221540 (student text)
040 ## - CATALOGING SOURCE
Transcribing agency DLC
082 00 - DEWEY DECIMAL CLASSIFICATION NUMBER
Classification number 973 GLE 1999 A101 Or.
100 1# - MAIN ENTRY--AUTHOR NAME
Personal name Nash, Gary B.
245 10 - TITLE STATEMENT
Title American odyssey :
Remainder of title the United States in the twentieth century /
250 ## - EDITION STATEMENT
Edition statement Teacher's wraparound ed., multimedia ed.
260 ## - PUBLICATION, DISTRIBUTION, ETC. (IMPRINT)
Place of publication New York :
Name of publisher Glencoe/McGraw-Hill,
Year of publication c1999.
300 ## - PHYSICAL DESCRIPTION
Number of Pages 53, 1010 p. :
Other physical details ill. (some col.), col. maps ;
Dimensions 30 cm.
520 ## - SUMMARY, ETC.
Summary, etc A history of the United States in the twentieth century, featuring sociological and cultural events, as well as strictly historical, and using many pertinent literary excerpts.
942 ## - ADDED ENTRY ELEMENTS (KOHA)
Koha item type សៀវភៅភាសាអង់គ្លេស
952 ## - LOCATION AND ITEM INFORMATION (KOHA)
Withdrawn status [LOCAL, KOHA] 0
Holdings
Permanent Location Date acquired Koha item type Lost status Shelving location Barcode Current Location Full call number
Library Block A2017-08-26សៀវភៅភាសាអង់គ្លេស A101A18544Library Block A973 GLE 1999 A101 Or.
មជ្ឈមណ្ឌលឯការនៃសាកលវិទ្យាល័យភូមិន្ទកសិកម្មចំការដូង

Powered by Koha